[Event "Kurnosov Memorial Rapid 2018"]
[Site "Chelyabinsk"]
[Date "2018.09.08"]
[Round "6"]
[White "Lysyj, Igor"]
[Black "Drygalov, Andrey"]
[Result "1-0"]
[WhiteElo "2644"]
[BlackElo "2481"]
[Annotator "TA"]
[PlyCount "76"]
[EventDate "2018.09.07"]
[EventType "swiss"]
[EventCountry "RUS"]
[SourceTitle "playchess.com"]
[Source "ChessBase"]
[SourceQuality "1"]

{[%evp 15,76,14,15,2,10,4,11,8,12,7,23,22,28,12,31,37,36,29,80,70,80,80,91,98,112,112,112,112,128,121,128,123,137,126,133,126,126,0,128,120,131,124,146,133,161,150,160,131,213,210,221,214,212,212,207,210,368,346,334,318,374,369,397]} 1. d4 Nf6 2. c4 e6 3. Nf3 d5 4. g3 Bb4+ 5. Bd2 Be7 6. Bg2 O-O 7. O-O Nbd7 8. Qc2 c6 {LiveBook: 1606 Games} 9. a3 {E11: Bogo-Indian} (9. Rd1 b6 10. Bf4 Bb7 11. Ne5 Rc8 12. Nc3 Nh5 13. Bc1 Nhf6 14. e4 Bb4 15. Bg5 Qc7 16. Nxd7 Nxd7 17. a3 Bxc3 18. Qxc3 dxc4 19. Bf4 Qd8 20. Bd6 {0-1 (76) Dominguez Perez,L (2739)-Caruana,F (2822) Saint Louis 2018}) 9... b6 10. cxd5 cxd5 11. Rc1 {The position is equal.} Ba6 $146 ({Predecessor:} 11... Bb7 12. Qd1 Rc8 13. Rxc8 Qxc8 14. Bb4 Qd8 15. e3 Ne4 16. Nbd2 Nxd2 17. Qxd2 {½-½ (28) Lysyj,I (2618)-Sargissian,G (2677) Moscow 2018}) 12. Bb4 Rc8 13. Nc3 Bb7 14. Qb3 a6 15. e3 Bxb4 16. axb4 b5 (16... h6 $11) 17. Ne1 {[%cal Bf3e1,Be1d3,Bd3c5][%mdl 32]} Ne4 18. Nd3 Qe7 19. Nc5 Ndxc5 20. bxc5 Nxc3 21. Qxc3 f6 22. b4 Kh8 23. Rd1 Rcd8 24. Ra2 Qc7 25. Rc2 Bc6 26. Ra2 (26. Bh3 $16) 26... Ra8 (26... Bb7 $1 $11) 27. h4 Ra7 28. Rda1 Rfa8 29. Ra5 e5 {[#]} 30. dxe5 $1 fxe5 31. Rd1 Rd8 (31... e4 $16 {keeps fighting.} 32. Bh3 Qf7) 32. Qa1 $18 e4 33. Rxa6 Rxa6 34. Qxa6 Ra8 35. Qb6 Qc8 $2 {[#]} (35... Qxb6 {is a better defense.} 36. cxb6 Rb8) 36. Bh3 $1 {[%mdl 512]} Qe8 (36... Qxh3 37. Qxc6) 37. Qc7 h6 38. Qd6 Ra4 {Precision: White = 65%, Black = 21%.} 1-0

[Event "Kurnosov Memorial Rapid 2018"]
[Site "Chelyabinsk"]
[Date "2018.09.08"]
[Round "6"]
[White "Bocharov, Ivan"]
[Black "Ivanov, Andrew"]
[Result "1-0"]
[WhiteElo "2625"]
[BlackElo "2387"]
[Annotator "TA"]
[PlyCount "105"]
[EventDate "2018.09.07"]
[EventType "swiss"]
[EventCountry "RUS"]
[SourceTitle "playchess.com"]
[Source "ChessBase"]
[SourceQuality "1"]

{[%evp 16,105,31,4,30,24,27,35,34,0,10,0,0,-20,37,24,32,0,33,35,59,64,61,47,62,62,101,66,79,14,14,9,8,2,10,11,27,10,18,10,12,10,13,0,0,0,0,0,0,0,0,0,0,0,0,-22,-29,-29,0,-7,8,0,1,0,111,80,105,50,53,54,116,102,162,152,225,233,5895,5393,29962,29960,12826,12803,29977,29978,29978,29978,29979,29980,29982,29983,29986,29987]} 1. e4 d6 2. d4 Nf6 3. Nc3 e5 4. Nf3 Nbd7 5. Bc4 Be7 6. O-O O-O 7. Re1 c6 8. a4 a5 9. Bg5 {LiveBook: 32 Games} Nb6 {C41: Philidor Defence} 10. Bb3 (10. Ba2 Nfd7 11. Be3 exd4 12. Qxd4 Nc5 13. h3 Be6 14. Red1 Bxa2 15. Rxa2 Re8 16. Raa1 Nbd7 17. Qc4 {1-0 (49) Bogdanovich,S (2560)-Yarmysty,M (2300) Lutsk 2018}) 10... Nfd7 11. Be3 exd4 {White is slightly better.} 12. Bxd4 Nc5 $146 ({Predecessor:} 12... Bf6 13. e5 dxe5 14. Nxe5 Nxe5 15. Bxe5 Bxe5 16. Rxe5 Nd7 17. Re3 {½-½ (45) Adamowicz,K (2194)-Golek,J (2009) Krakow 2014}) 13. Bxc5 dxc5 14. Nd2 Be6 ({Black should play} 14... Bg5 $11 15. Nf3 c4 16. Nxg5 Qxg5) 15. Bxe6 $14 fxe6 16. Nf3 c4 17. Qe2 Bc5 18. e5 Bb4 19. Red1 Qe7 20. Ne4 Rad8 21. c3 {[#] aiming for Rxd8.} Bc5 $1 22. Nfd2 (22. Rxd8 $16 Rxd8 23. h3) 22... Rd5 $11 23. Nxc4 Nxc4 24. Qxc4 {Rxd5 is the strong threat.} Rxe5 25. Nxc5 Rxc5 26. Qe4 Qf6 27. Rd2 Rd5 28. Re2 Qf5 29. Rae1 Qxe4 30. Rxe4 {[%mdl 4096] Endgame KRR-KRR} Rd2 31. R4e2 Rxe2 32. Rxe2 {KR-KR} Rd8 {( -> ...Rd1+)} 33. f3 Rd1+ 34. Kf2 Kf7 35. Ke3 Ke7 36. Rd2 Re1+ 37. Kd4 Ra1 38. Kc5 Rxa4 39. Kb6 Rc4 (39... Ra2 $11 {keeps the balance.} 40. Kxb7 Kf6) 40. Kxb7 $16 a4 41. Rd3 (41. Kc7 $16) 41... Rc5 42. Kc7 $1 h6 ({Better is} 42... g5 $14) 43. Rd2 g6 (43... e5 $16) 44. Re2 $18 g5 (44... Rh5 $16) 45. Kb6 Rc4 $2 {[#]} (45... Rb5+ 46. Kxc6 Rb8) 46. Re4 $1 {[%cal Re4c4]} Rxe4 47. fxe4 {KP-KP} Kd6 48. c4 {[%cal Bc3c4,Bc4c5,Bc5c6][%mdl 32]} c5 49. g4 {White mates.} Ke5 50. Kxc5 Kxe4 51. Kd6 e5 52. c5 Kd4 53. c6 {Precision: White = 62%, Black = 42%.} 1-0

[Event "Kurnosov Memorial Rapid 2018"]
[Site "Chelyabinsk"]
[Date "2018.09.08"]
[Round "6"]
[White "Morozevich, Alexander"]
[Black "Yudin, Sergei"]
[Result "0-1"]
[WhiteElo "2614"]
[BlackElo "2641"]
[Annotator "TA"]
[PlyCount "70"]
[EventDate "2018.09.07"]
[EventType "swiss"]
[EventCountry "RUS"]
[SourceTitle "playchess.com"]
[Source "ChessBase"]
[SourceQuality "1"]

{[%evp 19,70,46,52,33,42,9,14,5,56,57,55,50,131,140,145,98,186,193,171,172,148,111,116,103,258,145,141,154,177,115,131,131,126,126,91,85,244,62,57,-6,-11,-330,-329,-315,-299,-365,-364,-348,-345,-343,-354,-686,-493]} 1. e4 d6 2. d4 Nf6 3. Nc3 e5 4. Nf3 Nbd7 5. Bc4 Be7 6. O-O O-O 7. Re1 c6 8. a4 a5 9. h3 h6 10. Be3 Re8 {LiveBook: 57 Games. C41: Philidor Defence} 11. d5 Nb6 12. Bb3 $146 ({Predecessor:} 12. Nd2 Nfd7 13. Qf3 Rf8 14. Rad1 Bg5 15. Ba2 Bxe3 16. Rxe3 c5 17. Bc4 Nxc4 18. Nxc4 {½-½ (30) Czarnota,P (2561)-Pakleza,Z (2480) Poland 2017}) 12... cxd5 {The position is equal.} 13. exd5 {[%cal Be4d5,Bd5d6][%mdl 32]} Bd7 (13... Bf5 $11) 14. Qd3 $14 Nh7 15. Nb5 Kh8 {[#]} (15... Bxb5 $14 16. Qxb5 Nd7) 16. Nxe5 $1 $16 dxe5 17. d6 Bg5 {[#]} (17... Bh4 $16 {keeps fighting.}) 18. Nc7 $1 $18 Bxe3 19. Qxe3 Ra6 20. Bxf7 Rf8 21. Bb3 Ng5 $2 (21... Nc4 $16 22. Bxc4 Rxd6) 22. Qxe5 (22. Nxa6 $18 bxa6 23. Qxe5) 22... Ra7 $16 23. h4 Nh7 24. Qd4 ({White should play} 24. Qg3 $18 {Black must now prevent Re7.} Nc8 25. Nd5) 24... Nc8 25. Re7 Nxe7 26. dxe7 Qxe7 {aiming for ...Bc6.} 27. Qxa7 Bc6 $2 (27... Qxh4 $16 28. Rd1 Nf6) 28. Nd5 $2 (28. Qxa5 Bxg2 29. Kxg2 Qe4+ 30. Kg1 Qg4+ 31. Kf1 Qh3+ 32. Kg1 (32. Ke2 Qg4+ 33. Kf1 Qh3+ 34. Kg1 Qg4+ 35. Kf1 $11) 32... Qg4+ 33. Kf1 Qh3+ 34. Kg1 (34. Ke2 Qg4+ 35. Kf1 $11) 34... Qg4+ $11) (28. Ne6 $18 Re8 29. Qd4 (29. Qxa5 Qf6 $18)) 28... Qxh4 $14 29. Qc5 (29. Qe3 $14) 29... Rf5 $1 $40 {[%cal Rf5h5][%mdl 128] Strongly threatening ...Rh5. Black is up to no good.} 30. Ne7 $2 {[%mdl 8192]} (30. f4 $1 $11 {and White is okay.}) 30... Qg5 $19 {[%csl Gc6][%cal Rg5g2]} ({Inferior is} 30... Rxc5 31. Ng6#) 31. Bd5 Bxd5 32. Nxd5 Rxd5 33. Qc8+ Rd8 34. Qxb7 Nf6 35. b4 $2 (35. Qf3) 35... Qe5 {Precision: White = 41%, Black = 41%.} 0-1

[Event "Kurnosov Memorial Rapid 2018"]
[Site "Chelyabinsk"]
[Date "2018.09.08"]
[Round "6"]
[White "Iljiushenok, Ilia"]
[Black "Artemiev, Vladislav"]
[Result "0-1"]
[WhiteElo "2572"]
[BlackElo "2733"]
[Annotator "TA"]
[PlyCount "68"]
[EventDate "2018.09.07"]
[EventType "swiss"]
[EventCountry "RUS"]
[SourceTitle "playchess.com"]
[Source "ChessBase"]
[SourceQuality "1"]

{[%evp 15,68,0,0,0,6,-12,-12,-12,-12,-10,-10,-8,-12,-7,-20,-14,0,0,0,0,0,0,0,0,0,-6,0,0,0,0,0,0,0,0,0,0,0,0,0,0,0,0,0,-15,0,0,0,-32,-31,-41,-29,-29,-29,-38,0]} 1. e4 c6 2. d4 d5 3. e5 Bf5 4. h4 h5 5. Bd3 (5. c4 e6 6. Nc3 Ne7 7. Nge2 Bg4 8. Bg5 Qb6 9. c5 Qc7 10. f3 Bf5 11. Ng3 f6 12. Bf4 Nd7 13. exf6 Qxf4 14. Nce2 Qh6 15. fxe7 Bxe7 16. Nxf5 exf5 {½-½ (27) Sutovsky,E (2647)-Artemiev,V (2704) Poikovsky 2018}) 5... Bxd3 6. Qxd3 {B12: Caro-Kann: Advance Variation} Qa5+ 7. Nd2 e6 8. Ne2 Ne7 {LiveBook: 6 Games} 9. c3 Qa6 10. Qc2 $146 ({Predecessor:} 10. Qf3 c5 11. Nb3 cxd4 12. Nbxd4 Nbc6 {½-½ (25) Satyapragyan,S (2467)-Wenninger,P (2356) Pardubice 2016}) 10... c5 11. Nf3 cxd4 12. cxd4 Nbc6 13. O-O Rc8 {[#] And now ...Nxd4! would win.} 14. Qd1 Nf5 15. Bg5 Be7 16. Ng3 Bxg5 17. Nxf5 {Nd6+ is the strong threat.} Be7 $1 18. Nxe7 Nxe7 19. Qd2 Nf5 20. Rac1 Kd7 21. a3 f6 22. Rfe1 Qb5 23. g3 Rxc1 24. Rxc1 Rc8 25. Rxc8 Kxc8 26. Kg2 Qc4 27. exf6 gxf6 28. Qd1 Kd7 29. Kh3 Qb5 30. b3 Qa5 31. a4 Qc3 32. Kg2 {[#]} Qe3 $1 {[%mdl 512]} 33. Kg1 (33. fxe3 Nxe3+) 33... Qe4 34. Kg2 Ke7 {[%mdl 32768] Precision: White = 74%, Black = 74%. . Sensor Board Error (Ke4/e5)?} 0-1

[Event "Kurnosov Memorial Rapid 2018"]
[Site "Chelyabinsk"]
[Date "2018.09.08"]
[Round "6"]
[White "Zvjaginsev, Vadim"]
[Black "Oparin, Grigoriy"]
[Result "0-1"]
[WhiteElo "2543"]
[BlackElo "2665"]
[Annotator "TA"]
[PlyCount "74"]
[EventDate "2018.09.07"]
[EventType "swiss"]
[EventCountry "RUS"]
[SourceTitle "playchess.com"]
[Source "ChessBase"]
[SourceQuality "1"]

{[%evp 9,74,34,32,10,16,12,32,16,33,12,18,16,9,-32,17,-25,4,-17,-23,-20,-23,-31,-23,-36,-28,-19,-14,-30,-12,-62,-27,-34,-41,-41,-37,-54,-25,-31,-14,-25,-15,-21,-15,-14,-14,-15,0,0,0,-40,-34,-75,8,11,7,12,10,-6,-9,-164,-108,-118,-118,-131,-137,-137,-142]} 1. e4 c6 2. Nf3 d5 3. Nc3 dxe4 4. Nxe4 Nf6 5. Nxf6+ exf6 {LiveBook: 215 Games} 6. c3 {B11: Caro-Kann: Two Knights Variation} (6. Bc4 Bd6 7. Qe2+ Be7 8. O-O O-O 9. d4 Bd6 10. c3 Na6 11. Qc2 Re8 12. Nd2 Nc7 13. Bd3 g6 14. Ne4 Bf8 15. Bd2 f5 16. Ng3 Nd5 17. Rfe1 {0-1 (43) Karjakin,S (2773)-Navara,D (2737) Saint Louis 2017}) 6... Bd6 7. Qe2+ Kf8 $146 ({Predecessor:} 7... Qe7 8. Qxe7+ Kxe7 9. d4 Re8 10. Bd3 Bg4 11. Be3 Bxf3 12. gxf3 g6 13. O-O-O Nd7 {1-0 (37) Paravyan,D (2630)-Ivlev,A (2334) St Petersburg 2018}) 8. d4 {White is slightly better.} h5 9. Be3 Na6 {[%cal Bb8a6,Ba6c7,Bc7d5][%mdl 32]} 10. Qd2 Nc7 11. Bd3 g6 12. O-O Kg7 13. Bf4 Nd5 14. Bxd6 Qxd6 15. Rfe1 Bg4 16. Nh4 Rad8 17. h3 Be6 18. Bf1 Rhe8 19. g3 a5 20. Nf3 b5 {[%cal Bb7b5,Bb5b4][%mdl 32]} 21. a4 b4 22. c4 Ne7 23. Rad1 Nf5 24. b3 Re7 25. Bg2 Qc7 26. g4 hxg4 27. hxg4 Nh6 28. g5 fxg5 29. Qxg5 Nf5 30. Bh3 Rde8 (30... f6 $17 31. Qg2 Bd7) 31. Rxe6 $11 fxe6 32. Ne5 $36 {[%mdl 2048] White fights for an advantage.} Kg8 33. Ng4 Rf8 {Threatens to win with ...Rh7.} 34. d5 $2 (34. Nf6+ $11 {and White is okay.} Kf7 35. Ng4) 34... cxd5 (34... exd5 $1 $19 35. Nf6+ Kg7 36. Nh5+ Kh7 37. Nf6+ Rxf6 $1 {[%mdl 512]} 38. Qxf6 Rf7) 35. cxd5 $17 exd5 {Hoping for ...Kg7.} 36. Nf6+ {[#]} Rxf6 $1 37. Qxf6 Qc3 {Precision: White = 46%, Black = 51%.} 0-1

[Event "Kurnosov Memorial Rapid 2018"]
[Site "Chelyabinsk"]
[Date "2018.09.08"]
[Round "6"]
[White "Bezgodov, Alexei"]
[Black "Maletin, Pavel"]
[Result "1/2-1/2"]
[WhiteElo "2455"]
[BlackElo "2621"]
[Annotator "TA"]
[PlyCount "83"]
[EventDate "2018.09.07"]
[EventType "swiss"]
[EventCountry "RUS"]
[SourceTitle "playchess.com"]
[Source "ChessBase"]
[SourceQuality "1"]

{[%evp 23,83,10,28,-10,32,22,50,52,75,26,40,19,40,18,28,6,11,2,20,0,0,-10,0,0,0,0,0,-14,34,31,38,31,30,32,72,64,69,74,74,2,20,9,25,0,0,0,0,0,0,-8,0,0,0,0,0,0,0,0,0,0,0,0]} 1. e4 e5 2. Nf3 Nc6 3. Bb5 g6 4. c3 a6 5. Ba4 d6 6. d4 Bd7 7. O-O Bg7 8. Be3 Nf6 9. Nbd2 Qe7 10. dxe5 dxe5 11. b4 b6 12. Bb3 O-O {LiveBook: 11 Games. C76: Ruy Lopez: Deferred Steinitz: 5 c3 Bd7 6 d4 g6} 13. Qe2 {[#]} Kh8 $146 ({Predecessor:} 13... h6 14. Rad1 Nd8 15. h3 Bc6 16. Rfe1 Nb7 17. Nh2 Nd6 18. Ng4 Nxg4 19. hxg4 a5 20. a3 axb4 21. axb4 {0-1 (53) Kotarba,M (2390)-Malaniuk,V (2525) Krakow 2004}) 14. Bg5 h6 15. Bxf6 Qxf6 16. Bd5 Ra7 17. Nc4 Qe7 18. Ne3 Nd8 19. Rad1 c6 20. Bb3 a5 21. a3 b5 22. Qd2 axb4 23. axb4 Be6 24. Bxe6 Nxe6 25. Ng4 Nf4 26. g3 Qe6 27. Ngxe5 $1 Bxe5 28. Nxe5 Nh3+ {[#]} 29. Kg2 $1 Qxe5 30. Qxh6+ Kg8 {aiming for ...Ng5.} 31. Qxh3 (31. Kxh3 $16 {And now Qe3 would win.} Qxc3 32. Qd2) 31... Qxc3 32. Rd7 Ra4 33. Rfd1 {[#] Threatening mate with Rxf7!} Qxb4 {The position is equal.} 34. Qh4 Qxe4+ 35. Qxe4 Rxe4 $11 {[%mdl 4096] Endgame KRR-KRR} 36. Rc7 Rc4 37. Rd6 c5 38. Rdc6 b4 39. Rxc5 Rxc5 40. Rxc5 Rb8 41. Rc2 Kg7 42. Kf3 {Precision: White = 39%, Black = 56%.} 1/2-1/2

[Event "Kurnosov Memorial Rapid 2018"]
[Site "Chelyabinsk"]
[Date "2018.09.08"]
[Round "6"]
[White "Lugovskoy, Maxim"]
[Black "Riazantsev, Alexander"]
[Result "0-1"]
[WhiteElo "2416"]
[BlackElo "2687"]
[Annotator "TA"]
[PlyCount "44"]
[EventDate "2018.09.07"]
[EventType "swiss"]
[EventCountry "RUS"]
[SourceTitle "playchess.com"]
[Source "ChessBase"]
[SourceQuality "1"]

{[%evp 11,44,18,18,8,20,24,62,0,0,0,0,0,0,0,0,0,0,0,0,0,0,0,12,-28,-14,-27,-27,-189,-79,-137,-110,-462,-463,-29995,-29996]} 1. e4 c6 2. d4 d5 3. Nc3 {[%cal Bb1c3,Bc3e4,Be4g3][%mdl 32]} dxe4 4. Nxe4 Bf5 5. Ng3 Bg6 6. Nh3 Nd7 {[%cal Bb8d7,Bd7b6,Bb6d5,Bd5f4][%mdl 32]} 7. Nf4 {B18: Caro-Kann (Hauptvariante)} Qc7 8. Bc4 (8. Be3 e6 9. Qd2 Ngf6 10. O-O-O Nd5 11. Kb1 Bb4 12. Qc1 Nxf4 13. Bxf4 Bd6 14. Bxd6 Qxd6 15. Bd3 {½-½ (15) Jobava,B (2663)-Riazantsev,A (2662) Brest 2018}) 8... e6 {[#]} 9. c3 ({Günstiger ist} 9. Bxe6 $1 $14 {[%mdl 512]} fxe6 10. Nxe6) 9... Ngf6 $11 10. O-O Bd6 11. Qf3 Nb6 12. Bb3 Nbd5 {[%cal Rd5f4]} 13. Nxg6 hxg6 14. Bg5 Bf4 $146 15. Bxf4 Nxf4 16. Rfe1 O-O-O 17. Re5 Rh4 18. h3 Rdh8 19. c4 $2 (19. Rae1 $11 {und Weiss ist OK.}) 19... Nd7 (19... Rd8 $1 $19 {ist viel giftiger.} 20. Rd1 Rxd4 $1 {[%mdl 512]}) 20. Ree1 $17 {[#]} g5 $1 {[%cal Bg6g5,Bg5g4][%mdl 32]} 21. d5 $2 {[%mdl 8192] [#]} (21. Ne2 $17 {war die entscheidende Verteidigung.}) 21... g4 $1 $19 {[%cal Rg4f3][%mdl 512]} 22. hxg4 {[#]} (22. Qe3 $19 gxh3 23. gxh3) 22... Ne2+ $1 {[%mdl 512] Precision: Weiß = 38%, Schwarz = 63%.} 0-1

[Event "Kurnosov Memorial Rapid 2018"]
[Site "Chelyabinsk"]
[Date "2018.09.08"]
[Round "7"]
[White "Artemiev, Vladislav"]
[Black "Yudin, Sergei"]
[Result "1-0"]
[WhiteElo "2733"]
[BlackElo "2610"]
[Annotator "TA"]
[PlyCount "93"]
[EventDate "2018.09.07"]
[EventType "swiss"]
[EventCountry "RUS"]
[SourceTitle "playchess.com"]
[Source "ChessBase"]
[SourceQuality "1"]

{[%evp 9,93,0,9,-1,12,14,16,8,19,12,16,12,14,2,40,20,29,40,45,27,31,27,54,39,28,29,25,110,25,36,30,27,30,22,35,25,29,0,18,19,22,22,22,23,50,14,14,14,23,14,38,4,6,0,40,44,47,41,47,0,20,26,49,47,46,38,25,29,40,37,111,109,128,126,127,133,136,136,247,248,240,238,29973,29974,29974,29975]} 1. e4 d6 2. Bc4 Nf6 3. d3 c6 (3... g6 4. Nf3 Bg7 5. O-O O-O 6. c3 d5 7. exd5 Nxd5 8. d4 Nc6 9. Re1 Bf5 10. Nbd2 Nb6 11. Bb3 Na5 12. Nf1 Nxb3 13. axb3 Be6 14. Ng3 a6 15. h3 Rc8 16. c4 c6 17. Bf4 Qd7 18. Qd2 Rcd8 19. Rad1 Bf5 20. Bh6 Bxh6 21. Qxh6 f6 22. Nxf5 gxf5 23. Qe3 Rfe8 24. d5 cxd5 25. Qxb6 {1-0 (25) Savic,M (2628)-Tadic,B (2561) Belgrade 2016}) 4. Bb3 Nbd7 5. f4 Nc5 6. Nf3 {B07: Pirc Defence: Miscellaneous Systems} e6 $146 ({Predecessor:} 6... d5 7. e5 Ng4 8. h3 Nh6 9. g4 e6 10. Be3 Nxb3 11. axb3 {0-1 (43) Van Linde,P (2181)-Margraf,D (2039) Bad Zwischenahn 2002}) 7. e5 Nfd7 8. O-O {The position is equal.} Be7 9. d4 {exd6 is the strong threat.} Nxb3 10. axb3 O-O 11. Nc3 c5 12. Nb5 Qb6 13. Nxd6 Bxd6 14. exd6 Qxd6 15. Be3 cxd4 16. Nxd4 a6 17. Nf5 Qxd1 18. Ne7+ Kh8 19. Rfxd1 Nf6 20. c4 Re8 21. Nxc8 Raxc8 22. h3 h5 23. Bd4 {White wants to play Bxf6.} Red8 24. Kf2 Kg8 25. Ke3 Kf8 26. Bc3 Ke7 27. Bb4+ (27. Rxd8 {is interesting.} Rxd8 28. Ra5 g6 29. b4 Rc8 30. Rc5) 27... Ke8 28. Rxd8+ Rxd8 $11 {[%mdl 4096] Endgame KRB-KRN} 29. Bc3 Ke7 30. b4 Rc8 31. Kd3 g6 32. Ra5 Rd8+ 33. Ke3 Rc8 34. Kd3 Rd8+ 35. Bd4 Nd7 36. Kc3 Kd6 37. b5 axb5 $1 38. Rxb5 Kc7 39. Ra5 Re8 (39... b6 $14 40. Ra1 Kb7) 40. b4 $16 {[%cal Bb2b4,Bb4b5][%mdl 32]} f6 41. c5 $1 {[%cal Bc4c5,Bc5c6][%mdl 32]} e5 {[#]} 42. fxe5 $1 Nxe5 {[#]} 43. b5 $1 Nd7 (43... f5 $16) 44. Ra7 $18 Ne5 45. c6 $1 Rb8 $2 (45... Nxc6 $18 46. bxc6 Kxc6) 46. Bxe5+ fxe5 47. Rxb7+ {Precision: White = 70%, Black = 44%.} 1-0

[Event "Kurnosov Memorial Rapid 2018"]
[Site "Chelyabinsk"]
[Date "2018.09.08"]
[Round "7"]
[White "Riazantsev, Alexander"]
[Black "Shcherbakov, Ruslan"]
[Result "0-1"]
[WhiteElo "2703"]
[BlackElo "2516"]
[Annotator "TA"]
[PlyCount "82"]
[EventDate "2018.09.07"]
[EventType "swiss"]
[EventCountry "RUS"]
[SourceTitle "playchess.com"]
[Source "ChessBase"]
[SourceQuality "1"]

{[%evp 17,82,28,20,10,35,40,34,34,36,0,149,84,97,89,97,96,98,98,97,95,102,90,97,104,95,87,97,67,106,92,94,96,118,106,150,143,144,77,139,40,124,121,137,134,157,133,152,95,110,0,0,-456,-447,-612,-594,-839,-801,-1356,-1344,-1274,-1278,-1258,-1218,-1354,-1337,-29994,-2017]} 1. d4 Nf6 2. c4 e6 3. Nc3 Bb4 4. e3 O-O 5. Nf3 b6 6. Bd3 Bb7 7. O-O Bxc3 8. bxc3 c5 9. Nd2 Nc6 {LiveBook: 27 Games. E43: Nimzo-Indian: Rubinstein: 4...b6} 10. Bb2 (10. Re1 d6 11. f3 Rc8 12. Bb2 Ba6 13. Qe2 Qd7 14. e4 Na5 15. Rac1 e5 16. Nf1 Nh5 17. g3 {½-½ (53) Agdestein,S (2581)-Vitiugov,N (2734) Helsingor 2018}) 10... d6 11. e4 e5 {[%cal Rc5d4] White is slightly better.} 12. d5 Ne7 13. g3 $146 ({Predecessor:} 13. Re1 Bc8 14. Nf1 Ne8 15. Ng3 Ng6 16. Bc1 Nf4 17. Bf1 {0-1 (49) Giannoulakis,L (2355)-Svetushkin,D (2563) Paleochora 2017}) 13... g5 (13... Bc8 $11) 14. f3 (14. Nf3 $142) 14... Ng6 15. Rf2 Bc8 16. Nf1 {[%cal Bd2f1,Bf1e3,Be3f5][%mdl 32]} h6 17. Ne3 Kg7 18. Bc1 Rg8 19. Nf5+ Bxf5 20. exf5 Nf8 21. h4 N8h7 {next ...gxh4 is good for Black.} 22. Rh2 Kf8 23. hxg5 hxg5 24. g4 Ke7 25. Be3 Qe8 26. Kg2 Kd8 27. Qc2 (27. Qe2 $142) 27... Kc7 (27... e4 $142) 28. Rah1 (28. Re1 $16) 28... Rg7 ({Black should try} 28... e4 $1 $14) 29. Rh6 $16 Qd7 30. Qd1 Rag8 31. R1h3 Qe7 32. Qa4 ({Better is} 32. a4) 32... Kb8 {With the idea ...e4.} 33. Bc2 (33. Be2 $16) 33... e4 $11 {[#] aiming for ...exf3+.} 34. Bb1 $2 {[%mdl 8192]} (34. Bf2 $1 $11) 34... exf3+ $19 35. Kxf3 Re8 36. Ke2 Nxg4 37. f6 Nhxf6 38. Rh8 Rgg8 39. Rxg8 Nxg8 40. Bf5 Nxe3 41. Bd7 Nxc4+ {Precision: White = 40%, Black = 55%.} (41... Nxd5+ $142 42. Be6 Qxe6+ 43. Kf2 Qe1+ 44. Kg2 Nf4+ 45. Kf3 Qe2+ 46. Kg3 Qg2#) 0-1

[Event "Kurnosov Memorial Rapid 2018"]
[Site "Chelyabinsk"]
[Date "2018.09.08"]
[Round "7"]
[White "Oparin, Grigoriy"]
[Black "Iljiushenok, Ilia"]
[Result "1/2-1/2"]
[WhiteElo "2665"]
[BlackElo "2563"]
[Annotator "TA"]
[PlyCount "104"]
[EventDate "2018.09.07"]
[EventType "swiss"]
[EventCountry "RUS"]
[SourceTitle "playchess.com"]
[Source "ChessBase"]
[SourceQuality "1"]

{[%evp 25,104,26,29,0,0,0,0,0,0,-7,-15,-43,-35,-162,-45,-170,-164,-172,-182,-184,-191,-204,-175,-237,-175,-170,-157,-169,-168,-169,-137,-152,-138,-140,-107,-142,-116,-159,-140,-167,-162,-156,-110,-182,-159,-172,-86,-86,-86,-86,-86,-86,-86,-149,-105,-105,-105,-105,-83,-83,0,-105,0,-68,-68,-105,-105,-138,0,-105,-105,-105,-105,-105,0,-41,0,-105,0,-37,0]} 1. Nf3 Nf6 2. g3 g6 3. Bg2 Bg7 4. c4 O-O 5. Nc3 d6 6. O-O a6 7. Rb1 Nc6 {[%cal Bb8c6,Bc6e7,Be7f5][%mdl 32]} 8. d3 e5 9. b4 h6 10. a4 Be6 11. b5 axb5 12. axb5 Ne7 13. Qb3 c6 {LiveBook: 5 Games. A26: English Opening vs King's Indian with ...Nc6 and d3} (13... Nd7 14. Bb2 Nc5 15. Qc2 Qd7 16. Rfe1 Bh3 17. Bh1 c6 18. Ra1 Qc7 19. Nd2 Ne6 20. e3 Rxa1 21. Rxa1 d5 22. bxc6 bxc6 {0-1 (31) Jotic,V (2387)-Jones,G (2670) Sandavagur 2018}) 14. bxc6 bxc6 15. Nd2 d5 {The position is equal.} 16. Ba3 $146 ({Predecessor:} 16. Qb6 Rb8 17. Qxd8 Rfxd8 18. Ba3 Bf8 19. Nf3 Nd7 20. Bd6 Rxb1 21. Rxb1 dxc4 22. dxc4 {½-½ (65) Hernandez,C (2002)-Bustos Acosta,I ICC INT 2009}) 16... Re8 17. Rfc1 Nf5 18. cxd5 cxd5 {And now ...d4 would win.} 19. Nb5 (19. Qb2 $1 $15) 19... Qa5 ({Better is} 19... Rb8 $1 $19 20. Qa2 Rxb5 $1 {[%mdl 512]} 21. Rxb5 Nd4) 20. Nc7 ({White should try} 20. e4 $15 dxe4 21. Nc4) 20... Qxd2 $19 21. Nxe8 Rxe8 22. Rc2 Qa5 {White must now prevent ...Nd4.} 23. Bc5 Nd7 24. Qb4 (24. Qa3 $142 Qxa3 25. Bxa3) 24... Qxb4 25. Bxb4 Rb8 26. e3 d4 27. e4 {[#]} Ne7 $1 {[%mdl 512]} 28. Rbb2 (28. Bxe7 Rxb1+) 28... Bf8 29. f4 f6 30. h4 h5 31. Kh2 Kf7 32. Bh3 Bxh3 33. Kxh3 Ng8 34. Rc7 (34. Bxf8 $17 Rxb2 35. Rxb2 Kxf8 36. Kg2) 34... Ke8 $1 ({But not} 34... Rxb4 35. Rxd7+ Ke6 36. Rxb4 $17) 35. Ba3 {[#] Hoping for Rxb8+.} Bxa3 (35... Rxb2 $1 $19 36. Bxb2 Be7) 36. Rxb8+ $17 Nxb8 37. Rc8+ Kf7 {Strongly threatening ...Nd7.} 38. Rxb8 Bd6 39. Rb6 (39. Rd8 $142 Be7 40. Ra8) 39... Ke6 40. Kg2 Ne7 41. Kf3 Kd7 42. Rb7+ Ke6 43. Rb6 Kd7 44. Rb7+ $1 Bc7 45. Ra7 Nc6 46. Ra8 Ne7 (46... Nb4 $17 47. Ra3 Ke6) 47. Ra6 (47. Ra7 $1 $11 {remains equal.}) 47... Bd6 48. Ra7+ {[#]} Ke6 $1 49. Ra6 Kd7 (49... f5 $17) 50. Ra7+ $15 Ke6 (50... Kd8 $15) 51. Ra6 $17 Kd7 (51... f5 $17) 52. Ra7+ $15 Ke6 {Precision: White = 33%, Black = 53%.} 1/2-1/2